01957nam a2200157 a 4500008004100000020001800041041000800059100001900067245005600086250001100142260004400153300001100197500010200208505147400310655001501784171103e2007 ag ||||g |||| 00| 0bspa d a9788467451221 aspa1 aCentellas, Pau aPascal. bVida, pensamiento y obra /cPau Centellas a1a ed. aBarcelona:bPlaneta De Agostini;c2007. a381 p. aCentellas, P. (2007). Pascal. Vida, obra y pensamiento. (1a ed.). España : Planeta De Agostini. aBlaise Pascal nació el 19 de junio de 1623 en Clermont-Ferrand, en Francia, en plena guerra de las religiones que asoló Europa durante 30 años, y cuyo fin, concretado en la Paz de Westfalia de 1648, supuso el nacimiento de la Europa Moderna. En esta época de grandes cambios, en la que la ciencia empezó a mostrar su poder y atractivo intelectual, Pascal desarrolló sus geniales aptitudes. Su pensamiento se detuvo, como matemático y físico, en temas tan diversos como la hidrostática, la geometría o los juegos de azar -quien no conoce, al menos de nombre, el principio hidrostático de Pascal o el teorema de Pascal-, pero también actuó, como polemista, en los grandes conflictos entre los jansenistas, con lo que compartió muchos pensamientos, y los jesuitas y la jerarquía católica. Su acelerada pluma como polemista religioso, que puso en práctica en las Cartas provinciales, de las que se presentan la primera y la decimocuarta en la sección Escritos de este volumen, y las lúcidas reflexiones de su obra póstuma Pensamientos -de los que se incluyen el "Prefacio general" y las "Partes primera y segunda"- lo reivindican como un pensador de primer orden, que en su búsqueda filosófica sitúa al hombre como prisionero de su finitud. Pau Centellas Gavín presenta, en las secciones Vida, obra y pensamiento, un cuidado ensayo que permitirá al lector reflexionar, de la mano de Pascal, sobre cuestiones muy actuales.  aLiteratura